000
00212nam a2200085 4500
001
1255711
005
20251211141427.0
245
_a
TARİH YAZMAK BİZİM İŞİMİZ
_c
METİN ÖZDAMARLAR
260
_b
TİMAŞ YAYINLARI
999
_c
1255711
_d
1255711